000 02385nam a2200337 i 4500
001 000046577
003 DO-SdBNP
005 20260417174403.0
007 ta
008 150827s1996 dr a r 000 0 spa d
020 _a8460554910
040 _aDO-SdBNP
_bspa
_cBNPHU
_erda
041 _aspa
082 _a327.7293
_bM828d
_222
100 1 _aMorales Lama, Manuel
_eautor
_92998
245 1 0 _aDiplomacia contemporánea :
_bteoría y práctica /
_cManuel Morales Lama : prólogo Benjamín Ruiz Sobero.
264 _aSanto Domingo :
_bFundación Antonio M. Lama,
_c1996.
300 _a509 páginas :
_bil.ustraciones ;
_c23 cm.
336 _ardacontent
_btexto
_2txt
337 _ardamedia
_bsin mediación
_2n
338 _ardacarrier
_bvolumen
_2nc
505 _aConceptos básicos 7 -- Orígenes y evolución de la diplomacia 33 -- Ejecutores centrales de la política exterior de los Estados 45 -- El servicio exterior 61 -- La misión diplomática permanente 95 -- La función diplomática 101 -- La concertación de tratados 157 -- Estilística diplomática 177 -- Ceremonial y protocolo 195 -- Status del diplomático dominicano 241 -- Glosario de locuciones y término latinos y franceses 263 -- Normas protocolares y de etiqueta social 285 -- Delación de las condecoraciones en los diversos países del mundo 311 -- Aspecto prácticos de la correspondencia diplomática 327 -- Planos sobre el uso de la bandera 357 -- Planos de aplicación de la precedencia 363 -- Relación de las disposiciones legales básicas para el ejercicio consular dominicano 385 -- Convención de Viena sobre relaciones diplomáticas 393 -- Convención de Viena sobre relaciones consulares 413 -- Carta de derechos y deberes económicos de los Estados 451 -- Ley Orgánica de la Secretaría de Estado de Relaciones Exteriores 465 -- Ley no. 113 que modifica el artículo 3 de la Ley Orgánica de la Secretaría de Estado de Relaciones Exteriores 479 -- Ley sobre funciones públicas de los cónsules dominicanos 481
590 _aInventariado, 2019/MFF
650 0 _aDiplomacia
_9398
650 0 _aDocumentos diplomáticos
_92999
651 4 _aRepública Dominicana
_xServicio Diplomatico Y Consular
_93000
651 4 _aRepública Dominicana
_xRelaciones Exteriores
_92258
700 1 2 _aRuiz Sobero, Benjamín
_eprologo
_917212
910 _aValidado. Control de calidad MFF
942 _2ddc
_cLBS1
999 _c46066
_d46066